Single Vowel U.S. States - Statistics

General Stats
  • This quiz has been taken 71 times
    36 since last reset
  • The average score is 6 of 7
Answer Stats
US State % Correct
Alabama
96%
Alaska
93%
Arkansas
93%
Mississippi
93%
Tennessee
93%
Kansas
89%
New Jersey
61%
No matching quizzes found
Score Distribution
Percent of People with Each Score
Percentile by Number Answered
Your Score History
You have not taken this quiz since the last reset